000 00457nam a2200193Ia 4500
003 GCL
008 140319s9999 xx 000 0 eng d
040 _aGCL /
_cGCL
082 0 4 _a751.422
_bC W
100 1 _aCOUCH, TONY
245 1 0 _aWATERCOLOR: YOU CAN DO IT /
_cCOUCH, TONY
260 _a[S.N] :
_bNORTH LIGHT BOOKS
300 _a176 PP
650 0 4 _aDRAWING
650 0 4 _aARTS
650 0 4 _aCOLOURS
650 0 4 _aWATER COLOURS
942 _2ddc
_cBK
999 _c18929
_d18929